000 00829nam0a22002771 4500
001 RU\NLR\INFOCOMM_190\5000082509
005 20250613101408.0
035 _a(NLR Aleph) 009377608
090 _a7962158
_c7962158
100 _a20101221d1976 |||y0rusy50 ca
101 1 _aspa
102 _aRU
105 _ay ||||000|y
200 1 _aCuentos escogidos
_fM. Gorki
205 _a[3ra ed.]
210 _aM.
_c"Progreso"
_dˆCop.‰1976
215 _a344 с.
_d21 см
300 _aНа обороте тит. л.: М. Горький. Избранные рассказы
686 _aШ6(2-р)77(исп.)
_2rubbk
700 1 _9z01790
_aGor'kij
_bM.
_f1868-1936
_gMaksim
_4070
790 1 _9z01700
_aGorki
_bM.
_4070
801 1 _aRU
_bNLR
_c20101221
801 0 _aRU
_bNLR
_gPSBO
852 _aNLR
_jЛ31 Д-3/279
942 _cBOOK
980 _aNB